| 000 | 00658nam a2200193 a 4500 | ||
|---|---|---|---|
| 001 | BRCA_104 | ||
| 005 | 20190320202900.0 | ||
| 008 | 910516r19901933mx-a---###---s000-0#spa-# | ||
| 040 |
_aDLC _cDLC |
||
| 050 | 4 |
_aNE545.P8 _b.P47 1990 |
|
| 100 | 1 |
_aPérez Salazar, Francisco _d1888-1941 _9403 |
|
| 245 | 1 | 0 |
_aEl grabado en la ciudad de Puebla de los Ángeles _cFrancisco Pérez Salazar. |
| 260 |
_aPuebla _bGobierno del Estado de Puebla, Secretaría de Cultura _c1990 |
||
| 300 |
_a68 p. _bil. _c27 cm. |
||
| 500 | _aFacsímil de: México : Editorial cultura, 1933 | ||
| 650 | 1 | 4 |
_aGrabado mexicano _9404 |
| 650 | 1 | 4 |
_aGrabado _ySiglo XVII _zMéxico _9405 |
| 942 |
_2lcc _cB |
||
| 999 |
_c89 _d89 |
||